Česká obchodní a živnostenská korespodence

Gespeichert in:
Bibliographische Detailangaben
Format: Buch
Sprache:Tschechisch
Veröffentlicht: Praha Orbis 1947
Tags: Tag hinzufügen
Keine Tags, Fügen Sie das erste Tag hinzu!

MARC

LEADER 00000nam a2200000 4500
001 0269056
005 20240822101714.3
041 0 |a cze 
044 |a -CS 
245 1 0 |a Česká obchodní a živnostenská korespodence  |c Jan Kadlec 
264 1 |a Praha  |b Orbis  |c 1947